Sahafat aur Ablagh (Record no. 7111)

000 -LEADER
fixed length control field 00330 a2200133 4500
082 ## - DEWEY DECIMAL CLASSIFICATION NUMBER
Classification number 070
090 ## - LOCALLY ASSIGNED LC-TYPE CALL NUMBER (OCLC); LOCAL CALL NUMBER (RLIN)
-- 3196
-- 3196
100 ## - MAIN ENTRY--PERSONAL NAME
Personal name Shafique Jalendhri
245 ## - TITLE STATEMENT
Title Sahafat aur Ablagh
Statement of responsibility, etc. Shafique Jalendhri
260 ## - PUBLICATION, DISTRIBUTION, ETC.
Place of publication, distribution, etc. Lahore:
Name of publisher, distributor, etc. A One Publishers,
Date of publication, distribution, etc. 2008.
300 ## - PHYSICAL DESCRIPTION
Extent 368 p. ;
Dimensions 24 cm.
650 ## - SUBJECT ADDED ENTRY--TOPICAL TERM
Topical term or geographic name entry element Journalism
942 ## - ADDED ENTRY ELEMENTS (KOHA)
Koha item type Book
Call number prefix 070 SHA
Holdings
Withdrawn status Lost status Source of classification or shelving scheme Damaged status Not for loan Permanent Location Current Location Shelving location Date acquired Source of acquisition Cost, normal purchase price Total Checkouts Full call number Barcode Date last seen Price effective from Koha item type Date last checked out
          Central Library (CL) Central Library (CL) First Floor - Journalism 08/20/2008 Donation 0.00   302.23 SHA SEECS009234 11/14/2012 01/05/2017 Book  
          Central Library (CL) Central Library (CL) First Floor - Journalism 03/26/2009 Donation 0.00 1 302.23 SHA SEECS009338 09/10/2025 01/05/2017 Book 02/26/2025
© 2023 Central Library, National University of Sciences and Technology. All Rights Reserved.